Bí mật cung đình = Cung đình hắc mộ
Đã lưu trong:
| Tác giả chính: | |
|---|---|
| Định dạng: | Sách |
| Ngôn ngữ: | Undetermined |
| Được phát hành: |
Thành phố Hồ Chí Minh
Lao Động
2004
|
| Những chủ đề: | |
| Các nhãn: |
Thêm thẻ
Không có thẻ, Là người đầu tiên thẻ bản ghi này!
|
| Thư viện lưu trữ: | Trung tâm Học liệu Trường Đại học Cần Thơ |
|---|
| LEADER | 00663nam a2200205Ia 4500 | ||
|---|---|---|---|
| 001 | CTU_92953 | ||
| 008 | 210402s9999 xx 000 0 und d | ||
| 020 | |c 32000 | ||
| 082 | |a 895.13081 | ||
| 082 | |b H309 | ||
| 100 | |a Văn, Hiểu | ||
| 245 | 0 | |a Bí mật cung đình = | |
| 245 | 0 | |b Cung đình hắc mộ | |
| 245 | 0 | |c Văn Hiểu và Lý Lập ; Nguyễn Thị Hà Thương (biên dịch) | |
| 260 | |a Thành phố Hồ Chí Minh | ||
| 260 | |b Lao Động | ||
| 260 | |c 2004 | ||
| 650 | |a Historical fiction, chinese ( vietnamese ) | ||
| 904 | |i Minh, Q. Hieu | ||
| 980 | |a Trung tâm Học liệu Trường Đại học Cần Thơ | ||